Basic shiksha ke siddhant (HIN) (Record no. 46343)

MARC details
000 -LEADER
fixed length control field 00385nam a2200157Ia 4500
005 - DATE AND TIME OF LATEST TRANSACTION
control field 20240821151820.0
008 - FIXED-LENGTH DATA ELEMENTS--GENERAL INFORMATION
fixed length control field 240821s9999||||xx |||||||||||||| ||und||
082 ## - DEWEY DECIMAL CLASSIFICATION NUMBER
Classification number 371.41 SHA
100 ## - MAIN ENTRY--PERSONAL NAME
Personal name Sharma, T. R.
245 #0 - TITLE STATEMENT
Title Basic shiksha ke siddhant (HIN)
250 ## - EDITION STATEMENT
Edition statement 1st ed.
260 ## - PUBLICATION, DISTRIBUTION, ETC.
Place of publication, distribution, etc. Jalandhar
Name of publisher, distributor, etc. Punjabi Publishers
Date of publication, distribution, etc. 1956
300 ## - PHYSICAL DESCRIPTION
Extent 140p.
650 ## - SUBJECT ADDED ENTRY--TOPICAL TERM
Topical term or geographic name entry element Education
942 ## - ADDED ENTRY ELEMENTS (KOHA)
Koha item type Book
Holdings
Withdrawn status Lost status Damaged status Not for loan Home library Current library Date acquired Total checkouts Barcode Date last seen Price effective from Koha item type
        Library and Documentation Division NCERT Library and Documentation Division NCERT 08/21/2024   28059 08/21/2024 08/21/2024 Book